000 00926nam a2200325Ia 4500
003 OSt
005 20220912144012.0
006 a|||||r|||| 00| 0
007 ta
008 220909b |||||||| |||| 00| 0 eng d
020 _a9781466573154 (HBK)
024 _a200406
037 _b077, 05/02/2019, N R Book Distributors
037 _cTextual
040 _beng
041 _aeng
082 _aJ:1:(E), P4;Q5;1
100 _aEsington Michael E
245 0 _aSoil and water chemistry: An integrative approach
250 _a2
260 _aBoca Raton
_bCRC Press
_c2015
300 _axix,633p. ill.
_ccm
500 _aIndex 623-633p.
650 _a Soil chemical environment
650 _a Soil minerals
650 _a Soil water chemistry
650 _aBotany
942 _hJ:1:(E), P4;Q5;1
_cTEXL
_2CC
999 _c623
_d623